|
|
|
|
| LEADER |
01383nam a2200289 a 4500 |
| 001 |
GR-Patra34033 |
| 008 |
100215s2010 gr g b 001 b eng d |
| 020 |
|
|
|z 97818444533702
|
| 044 |
|
|
|b en
|
| 082 |
|
0 |
|a 361.32
|2 23
|
| 100 |
1 |
|
|a Parrott, Lester
|
| 245 |
1 |
0 |
|a Values and ethics in social work practice /
|c Lester Parrott.
|
| 250 |
|
|
|a 2nd ed.
|
| 260 |
|
|
|a Exeter :
|b Learning Matters,
|c 2010
|
| 300 |
|
|
|a xvii, 173 σ. :
|b εικ. ;
|c 25 εκ.
|
| 490 |
1 |
|
|a Transforming social work practice
|
| 504 |
|
|
|a Περιλαμβάνει βιβλιογραφικές παραπομπές (σ. 159-167) και ευρετήριο.
|
| 650 |
|
0 |
|a Social service
|x Moral and ethical aspects
|z Great Britain
|
| 650 |
|
0 |
|a Social service
|z Great Britain
|
| 650 |
|
0 |
|a Social workers
|x Professional ethics
|z Great Britain
|
| 710 |
0 |
|
|a Learning Matters
|
| 830 |
|
0 |
|1 00134034
|1 2001
|a Transforming social work practice
|
| 942 |
|
|
|2 ddc
|
| 952 |
|
|
|0 0
|1 0
|2 ddc
|4 0
|6 361_320000000000000_PAR
|7 0
|9 316323
|a LISK
|b LISK
|c BSC
|d 2021-01-17
|e 24
|f 0
|g 0.00
|l 0
|o 361.32 PAR
|p 92410052229
|r 2021-01-17 00:00:00
|t 1
|w 2021-01-17
|y BK15
|x 20130828 0 1
|x GrPaTEI
|
| 952 |
|
|
|0 0
|1 0
|2 ddc
|4 0
|6 361_320000000000000_PAR
|7 1
|9 316324
|a LISK
|b LISK
|c BSC
|d 2021-01-17
|e 24
|f 0
|g 0.00
|l 0
|o 361.32 PAR
|p 92410052230
|r 2021-01-17 00:00:00
|t 1
|w 2021-01-17
|y BKN
|x 20130828 0 0
|x GrPaTEI
|
| 971 |
|
|
|a .b26816052
|b 15-04-20
|c 27-09-16
|
| 999 |
|
|
|c 180159
|d 180159
|